| 000 | 00369nam a2200145 a 4500 | ||
|---|---|---|---|
| 001 | 3245 | ||
| 003 | CDMR | ||
| 005 | 20130326115024.0 | ||
| 008 | 130130s ||||||||||||||||||||||||||||d | ||
| 040 |
_aCDMR _bcat _cCPC LLEIDA |
||
| 110 | 1 |
_9363 _aLleida _b -- Ajuntament |
|
| 245 | 1 | 0 | _aPrograma d'Imatge Institucional |
| 260 |
_aLleida _bAjuntament de Lleida |
||
| 942 |
_cMON _2udc |
||
| 999 |
_c3245 _d3245 |
||